01453 a2200181 45000010006000000050017000060080041000230030015000640400040000790800033001192450089001522640047002413000019002885050907003070410008012141000024012227000025012465406020260407155811.0260407a1962 arg spa dAR-UNSa-BCEJYS aAR-UNSa-BCEJYSbspacAR-UNSa-BCEJYS a330.101.541xMacroeconomía10aMacro-economíapmedición, análisis y control de la actividad económica total 1aMadrid :bRevista de Derecho Privadoc1962 a404 p.c22 cm. a1. El marco institucional - 2. La cuenta de producto nacional bruto - 3. Problemas conceptuales en la estimación del producto nacional bruto - 4. Cuentas sectoriales - 5. Simplificación de las cuentas - 6. Consumo, ahorro y la teoría elemental de la determinación de la renta - 7. El estado y el nivel de la renta - 8. El nivel de la inversión - 9. El interés y el dinero - 10. El equilibrio general de los mercados de producto y monetario - 11. La demnada monetaria y la política de estabilización - 12. El nivel de empleo(1) - 13. El nivel de empleo(2) - 14. El pleno empleo, el nivel de precios y la teoría del interés - 15. El comercio internacional y el nivel de la renta - 16. Una economía expansiva - 17. El estancamiento secular - 18. La inflación - 19. Los ciclos económicos - 20. Los problemas de la política fiscal - 21. La financiación de los gastos públicos aspa1 aDernburg, Thomas F.1 aMcDougall, Duncan M.